The End of the Imitation Age?: The Effect of Apple Inc. v. Samsung (Record no. 309799)
[ view plain ]
| 000 -LEADER | |
|---|---|
| fixed length control field | 00402nam a2200121Ia 4500 |
| 008 - FIXED-LENGTH DATA ELEMENTS--GENERAL INFORMATION | |
| fixed length control field | 170221s9999 xx 000 0 und d |
| 100 ## - MAIN ENTRY--PERSONAL NAME | |
| Personal name | Melissa Barcena |
| 245 #4 - TITLE STATEMENT | |
| Title | The End of the Imitation Age?: The Effect of Apple Inc. v. Samsung |
| 245 ## - TITLE STATEMENT | |
| Statement of responsibility, etc | Melissa Barcena |
| 260 ## - PUBLICATION, DISTRIBUTION, ETC. (IMPRINT) | |
| Date of publication, distribution, etc | 2011 |
| 650 ## - SUBJECT ADDED ENTRY--TOPICAL TERM | |
| General subdivision | Business |
| 856 ## - ELECTRONIC LOCATION AND ACCESS | |
| Uniform Resource Identifier | <a href="http://digitalcommons.pepperdine.edu/cgi/viewcontent.cgi?article=1096&context=jbel">http://digitalcommons.pepperdine.edu/cgi/viewcontent.cgi?article=1096&context=jbel</a> |
| Withdrawn status | Lost status | Damaged status | Home library | Current library | Date acquired | Total Checkouts | Date last seen | Price effective from | Koha item type |
|---|---|---|---|---|---|---|---|---|---|
| College Library | College Library | 02/21/2017 | 02/21/2017 | 02/21/2017 | Foreign e-journal articles |